|
|
|
|
| LEADER |
00000nam a22000007a 4500 |
| 005 |
20160112092752.0 |
| 007 |
cr|z|| ||u| |
| 008 |
160112s2014 ck ||||| |||| 00||0 esp d |
| 020 |
|
|
|a 978-958-8745-74-9
|
| 035 |
|
|
|a 13014
|
| 040 |
|
|
|a vLex
|
| 090 |
|
|
|c 5784
|d 5784
|
| 100 |
1 |
|
|a Monroy Hernǹdez, Mara̕ Catalina
|
| 245 |
1 |
0 |
|a Tomadores humanos de decisin̤
|h [Recurso electrn̤ico] /
|c Mara̕ Catalina Monroy Hernǹdez
|
| 256 |
|
|
|a Servicio en ln̕ea
|
| 260 |
|
|
|a Colombia
|b Universidad Sergio Arboleda
|c 2014
|
| 300 |
|
|
|a 1 recurso electrn̤ico (381 Pg̀inas.)
|
| 500 |
|
|
|a Plan Colombia: una estratǧica polt̕ica exterior de Estados Unidos.
|
| 506 |
1 |
|
|a Contenido solo disponible en los productos indicados
|d vLex Global
|d vLex Global (Academic Edition, excluding Law Schools)
|d vLex Global (U.S. Academic Edition, Law Schools)
|d vLex Global (U.S. Academic Edition, excluding Law Schools)
|d vLex Global (Academic Edition, Law Schools)
|
| 650 |
0 |
4 |
|a Ciencias polt̕icas--Toma de decisiones
|z Colombia
|z Estados Unidos
|
| 740 |
0 |
|
|a vLex libros (servicio en ln̕ea)
|
| 856 |
4 |
0 |
|u http://vlex.com/source/tomadores-humanos-decision-13014
|z Acceso restringido
|
| 942 |
|
|
|c BOOK
|
| 999 |
0 |
|
|a Political science--Decision making
|